Score 0/30 Timer 10:00
1 Play Today
% Correct
The Big Bang Theory
98.1%
How I Met Your Mother
96.5%
M*A*S*H
87.6%
I Love Lucy
86.2%
Dallas
85%
CSI: Crime Scene Investigation
78.4%
NCIS
76.7%
The King of Queens
76.7%
The Nanny
75.5%
The Dukes of Hazzard
74%
CSI: Miami
72.9%
All in the Family
68.2%
The Dick Van Dyke Show
62.1%
The Mentalist
60%
Blue Bloods
57.5%
% Correct
Elementary
55.6%
Numb3rs
51.7%
The Carol Burnett Show
51.1%
Green Acres
47.9%
Newhart
46.3%
Hawaii Five-O
45.5%
The Talk
45.1%
Touched by an Angel
44.4%
Gunsmoke
38.4%
Mission: Impossible
35.5%
Judging Amy
30%
Diagnosis: Murder
28.4%
As the World Turns
21.5%
Without a Trace
18.2%
Unforgettable
14.1%
Remove Ads.
Support Sporcle.
Get the best of Sporcle when you Go Orange. This ad-free experience offers more features, more stats, and more fun while also helping to support Sporcle. Thank you for becoming a member.

You're not logged in!

Compare scores with friends on all Sporcle quizzes.
OR
Log In

Sporcle TV

Today on Sporcle TV


Watch our educational content, quiz creation guides, and fun videos on Sporcle TV.

Show Comments

Extras

Top Quizzes Today


Score Distribution

Paid Content

Your Account Isn't Verified!

In order to create a playlist on Sporcle, you need to verify the email address you used during registration. Go to your Sporcle Settings to finish the process.

Report this User

Report this user for behavior that violates our Community Guidelines.

Details: